000 00603nam a2200253Ia 4500
005 20260121161122.0
008 008 260114s9999 xx 000 0 eng d
020 _a9781315033709
037 _aEBOOK
040 _aCRL
040 _beng
040 _cCRL
041 _2eng
041 _aeng
084 _qCRL
100 _a Jean Baptiste
_91040430
245 4 _aThe Memoirs of Pere Labat, 1693-1705
260 _bTaylor and Francis
260 _c1970
856 _uhttp://www.taylorfrancis.com/books/9781315033709
942 _cEBOOK
999 _c1607246
_d1607246